[Event "VIE-ch U11 Girls"]
[Site "Ho Chi Minh City"]
[Date "2014.07.17"]
[Round "7"]
[White "Duong, Ngoc Tra"]
[Black "Tran, Nhat Phuong"]
[Result "0-1"]
[WhiteElo "1707"]
[BlackElo "1718"]
[PlyCount "136"]
[EventDate "2014.07.13"]
[EventType "swiss"]
[EventRounds "9"]
[EventCountry "VIE"]
[SourceTitle "EXT 2016"]
[Source "ChessBase"]
[SourceDate "2015.10.08"]
[SourceVersion "1"]
[SourceVersionDate "2015.10.08"]
[SourceQuality "1"]

1. e4 e6 2. d4 d5 3. exd5 exd5 4. Bd3 Bd6 5. Nf3 Nf6 6. 0-0 0-0 7. Be3 Bg4 8. h3 Bh5 9. Nbd2 Nbd7 10. c3 c6 11. Re1 Qc7 12. Qc2 Rfe8 13. Bg5 h6 14. Bh4 Rxe1+ 15. Rxe1 Re8 16. Rxe8+ Nxe8 17. g4 g5 18. Bxg5 Bxg4 19. hxg4 hxg5 20. Bh7+ Kg7 21. Bf5 Bf4 22. Qd3 Ndf6 23. a3 Qe7 24. Kf1 Nd6 25. b4 Nxf5 26. Qxf5 Qe6 27. Kg2 Nxg4 28. Qxe6 fxe6 29. Nb3 b6 30. Nfd2 Bxd2 31. Nxd2 Kf6 32. Kf3 Kf5 33. c4 Nf6 34. c5 b5 35. Nb3 g4+ 36. Ke3 Nd7 37. Na5 Nb8 38. Nb7 e5 39. Nd6+ Ke6 40. dxe5 Kxe5 41. Nf7+ Kf6 42. Nh6 Kg5 43. Nf7+ Kg6 44. Ne5+ Kf5 45. Nf7 Nd7 46. Nd6+ Ke5 47. Nf7+ Kf5 48. Nd6+ Ke5 49. Nf7+ Kf6 50. Nd6 Ne5 51. Kf4 Nd3+ 52. Kxg4 Nxf2+ 53. Kf3 Nd3 54. Ke3 Ne5 55. Nc8 Nc4+ 56. Kd4 a5 57. bxa5 Nxa5 58. Na7 Ke6 59. Kc3 Kd7 60. Kd4 Nb3+ 61. Ke5 Nxc5 62. Nxb5 cxb5 63. Kxd5 Na4 64. Kd4 Kd6 65. Kd3 Kd5 66. Kc2 Kc4 67. Kb1 Kb3 68. Ka1 Kxa3 0-1

[Event "VIE-ch U11 Girls"]
[Site "Ho Chi Minh City"]
[Date "2014.07.16"]
[Round "6"]
[White "Dang, Minh Ngoc"]
[Black "Duong, Ngoc Tra"]
[Result "1/2-1/2"]
[WhiteElo "1724"]
[BlackElo "1707"]
[PlyCount "93"]
[EventDate "2014.07.13"]
[EventType "swiss"]
[EventRounds "9"]
[EventCountry "VIE"]
[SourceTitle "EXT 2016"]
[Source "ChessBase"]
[SourceDate "2015.10.08"]
[SourceVersion "1"]
[SourceVersionDate "2015.10.08"]
[SourceQuality "1"]

1. d4 Nf6 2. Nf3 e6 3. e3 c5 4. c3 cxd4 5. exd4 d6 6. Bd3 Be7 7. 0-0 0-0 8. Bf4 Nc6 9. Qe2 b6 10. Nbd2 Bb7 11. Ne4 Nxe4 12. Qxe4 g6 13. Bh6 Re8 14. Qg4 Bf6 15. h4 Bg7 16. Bxg7 Kxg7 17. h5 Qf6 18. Kh2 d5 19. Bb5 Qf5 20. Qxf5 gxf5 21. Ne5 Rec8 22. Nxc6 Bxc6 23. Be2 a6 24. Bf3 f6 25. Rfe1 Re8 26. c4 Rac8 27. cxd5 Bxd5 28. Bxd5 exd5 29. Rac1 Rxc1 30. Rxc1 Re2 31. Rc7+ Kh6 32. Rc6 Rxb2 33. Rxf6+ Kg5 34. Rd6 Rxa2 35. Rxb6 Ra4 36. Rb7 h6 37. Ra7 Rxd4 38. Rxa6 Rd2 39. Rd6 Rxf2 40. Rxd5 Kxh5 41. Kg1 Rf4 42. g3 Rf3 43. Kg2 Kg4 44. Rd4+ f4 45. gxf4 Rxf4 46. Rxf4+ Kxf4 47. Kh3 1/2-1/2